00581cam a22002171 4500001001300000003000400013005001700017008004100034010001700075035002000092040001800112043003000130050001600160100003000176245004700206260001100253300001900264500001800283650004500301999001700346sa 68005655 DLC20260227112510.0890830s1966 ii 000 0 malo  asa 68005655  a(OCoLC)20281680 aDLCcWaUdDLC ae------aff-----aaw-----00aPA6008b.K70 aKrishna Chaitanya,d1918-10aPilkkāla Lattīn sāhityacaritr̲aṃ. c[1966] a400 p.c18 cm. aIn Malayalam. 0aLatin literaturexHistory and criticism. c80851d80851